000 00873nam a22002537a 4500
001 BR8206439
003 BR-BrBNA
005 20230928091512.0
007 ta
008 230509b bl.||||| |||| 00| 0 por d
040 _aBR-BrBNA
_bpor
_cBiblioteca Nacional de Agricultura
041 _a(Por)
072 _aL70
_b/G514
090 _ L70 BR8206439
110 1 _aSociedade de Medicina Veterinaria da Bahia, Salvador (Brasil)
_99865
245 1 _aResumo dos trabalhos de pesquisas dos Arquivos da Escola de Medicina Veterinaria da Universidade Federal da Bahia. 1976-1980 [Brasil]
_bApresentado no 28. Encontro Anual de Medicos Veterinarios do Estado da Bahia
260 3 _aSalvador, BA (Brasil):
_c1982.
300 _a41 p.
500 _aSummary only
650 _aVETERINARIA
650 _aPESQUISA PECUARIA
909 _a202309
_bLucia
_c55
_dLucia Elande
942 _cBK
999 _c34140
_d34140